Najpopularniejsze numery Rap/Trap tygodnia. 30.04-06.05 YT - Statystyki

Ogólne statystyki
  • Ten quiz został rozwiązany 11 razy
  • Średni wynik to 17 z 30
Statystyki odpowiedzi
Wykonawca Wyświetlenia Utwór % Poprawnych
Ekipa 3.38M 3KIPA
100%
Sobel 2.24M Bandyta
91%
Ekipa ft. Qry 1.24M ZAEBYŚCIE
91%
OIO 1.21M Worki W Tłum
82%
Sobel 847K Alien
73%
Guzior 1.06M BLUEBERRY
73%
Ekipa 8.67M Chill
73%
Sobel 5.27M Fiołkowe Pole
73%
Sobel 970K Kinol
73%
Sobel ft. Young Igi 1.64M Nie Teraz
73%
ReTo 689K Paw
73%
Wiatr ft. Sobel, Be Vis 848K Testarossa
73%
Janusz Walczuk ft. Young Igi 804K Amsterdam
64%
Lipa ft. Kabe 806K Bezprawie
64%
ReTo 566K Billy Kid
64%
Alberto 674K Dwutakt
64%
Guzior ft. Oskar83 987K FALA
64%
Kizo ft. Wac Toja 2.41M Nasze Lato
64%
Sobel ft. Skip 533K Presja (Remix)
64%
OIO 968K Przypadkiem
55%
Sobel 1.05M Każdego Dnia
45%
Kabe 646K Nad ranem
45%
Aymi 741K Nieważne
36%
Małach ft. Kukon 826K Obdrapany marmur
36%
Major SPZ ft. Kaz Bałagane 542K Finka
27%
Sobel 622K Gruby Temat
27%
Sobel 538K Puzzle
27%
Sobel 601K Kapie Deszcz
18%
Opał x Gibbs 551K Odbierz mnie
18%
Basgrow & C0PIK ft. Ruskij 739K Romantyk
18%
Nie znaleziono quizów pasujących do podanych kryteriów
Rozkład punktacji
Procent ludzi z każdym wynikiem
Percentyl według liczby udzielonych odpowiedzi
Twoja historia wyników
Nie rozwiązałeś tego quizu